00665nam a2200205Ia 450000500170000000800410001702000180005804000180007604100080009408200180010210000200012024500750014025000120021526000670022730000270029465000450032165000300036665000380039670000250043420230920105406.0210716s2010 xx 000 0 und d a9788184044928 cAIMIT LIBRARY aeng a005.13 bFLAD aFlanagan David. aRuby programming language /cBy David Flanagan and Yukihiro Matsumoto. a1st ed. aMumbai :bShroff Publishers and Distributors Pvt Ltd ,c2010. axi,429p. ;bPBc23 cm. aStructure and execution of ruby programs aExpressions and operators astatements and control structures aMatsumoto, Yukihiro.